What Year Did That Movie Come Out? #2 - Statistics

General Stats
  • This quiz has been taken 216 times
  • The average score is 15 of 22
Answer Stats
Movie Year % Correct
The Dark Knight 2008
92%
Forrest Gump 1994
90%
Fight Club 1999
88%
Avengers: Infinity War 2018
88%
Ratatouille 2007
86%
Frozen 2013
86%
The Silence of the Lambs 1991
73%
The Devil Wears Prada 2006
72%
Avatar: The Way of Water 2022
72%
The Godfather 1972
69%
Spirited Away 2001
66%
The Hangover 2009
66%
The Notebook 2004
65%
Taxi Driver 1976
61%
Psycho 1960
57%
Goodfellas 1990
55%
The Martian 2015
55%
Clueless 1995
53%
Alien 1979
50%
Edward Scissorhands 1990
49%
Juno 2007
47%
Memento 2000
46%
No matching quizzes found
Score Distribution
Percent of People with Each Score
Percentile by Number Answered
Your Score History
You have not taken this quiz